Lana or Ethel? - Statistics

General Stats
  • This quiz has been taken 5 times
  • The average score is 13 of 15
Answer Stats
Question Answer % Correct
He looks like he works with his hands and smells like malboro reds Ethel Cain
100%
Dancing with the windows open I can’t let go when something’s broken, it’s all I know and it’s all I want now Ethel Cain
100%
What a fear a man like you, brings upon a woman like me Ethel Cain
100%
I thought that you were so beautiful, it was love, I guess Ethel Cain
100%
I f****d up, i know that, but Jesus can’t a girl just do the best she can Lana Del Rey
100%
Calling from beyond the grave I just wanna say “hi dad" Lana Del Rey
100%
You f****d me so good that I almost said, “I love you” Lana Del Rey
100%
What you don’t tell no one you can tell me Lana Del Rey
100%
In your car I'm a star and I'm burning through you Lana Del Rey
100%
The fates already fu***d me sideways Ethel Cain
75%
Says he's in love with my body, that's why he's fu****g it up Ethel Cain
75%
I was too young to notice that some types of love could be bad Ethel Cain
75%
Hold you tight in my mind Isn't strange that You're not here with me But I know the light's on in the television Trying to transmit, can you hear me Lana Del Rey
75%
No man can keep me together, been broken since i was born Lana Del Rey
50%
I knew that it was true when you called me home, the only love i’ve ever known Ethel Cain
25%
No matching quizzes found
Score Distribution
Percent of People with Each Score
Percentile by Number Answered
Your Score History
You have not taken this quiz